Warrior Cats Deputies - Statistics

General Stats
  • This quiz has been taken 69 times
  • The average score is 31 of 64
Answer Stats
Clan Tenure Deputy % Correct
ThunderClan Forest of Secrets - A Dangerous Path Fireheart
98%
ThunderClan Sunset - The Last Hope Brambleclaw
93%
ThunderClan Bluestar's Prophecy - Bluestar's Prophecy Bluefur
86%
ThunderClan Into the Wild - Forest of Secrets Tigerclaw
86%
ThunderClan Into the Wild - Into the Wild Lionheart
84%
ThunderClan The Last Hope - The Silent Thaw Squirrelflight
84%
ThunderClan A Light in the Mist - Thunder Squirrelflight
84%
ThunderClan The Darkest Hour - Sunset Graystripe
82%
ThunderClan Bluestar's Prophecy - Into the Wild Redtail
80%
ThunderClan The Darkest Hour - The Darkest Hour Whitestorm
75%
RiverClan Crookedstar's Promise - Crookedstar's Promise Crookedjaw
73%
WindClan Tallstar's Revenge - Tallstar's Revenge Talltail
73%
ThunderClan Pinestar's Choice - Pinestar's Choice Pineheart
70%
ShadowClan Thunder and Shadow - Tigerheart's Shadow Tigerheart
70%
WindClan Starlight - Starlight Onewhisker
68%
ShadowClan Yellowfang's Secret - Yellowfang's Secret Brokentail
64%
RiverClan Into the Wild - A Dangerous Path Leopardfur
64%
RiverClan The Darkest Hour - Moonrise Mistyfoot
64%
ThunderClan (Unknown) - Bluestar's Prophecy Sunfall
64%
ShadowClan Yellowfang's Secret - Into the Wild Blackfoot
61%
ShadowClan Rising Storm - The Darkest Hour Blackfoot
61%
ShadowClan Yellowfang's Secret - Yellowfang's Secret Raggedpelt
61%
RiverClan (Unknown) - Into the Wild Oakheart
59%
ThunderClan Path of Stars - Thunderstar's Echo Lightning Tail
57%
WindClan Firestar's Quest - Starlight Mudclaw
57%
WindClan Shattered Sky - Crowfeather
55%
ThunderClan Thunder - Ivypool
52%
ShadowClan Night Whispers - Bramblestar's Storm Rowanclaw
52%
SkyClan Hawkwing's Journey - Hawkwing
50%
RiverClan A Dangerous Path - The Darkest Hour Stonefur
50%
WindClan The Last Hope - Shattered Sky Harespring
48%
RiverClan Dawn - Fading Echoes Mistyfoot
48%
ThunderClan Thunderstar's Echo - (Unknown) Owl Eyes
48%
ThunderClan The Silent Thaw - Veil of Shadows Berrynose
45%
ShadowClan The Darkest Hour - Fading Echoes Russetfur
45%
ShadowClan The Raging Storm - Cloverfoot
43%
RiverClan Riverstar's Home - Night
43%
WindClan Starlight - The Last Hope Ashfoot
41%
WindClan Bluestar's Prophecy - Firestar's Quest Deadfoot
41%
SkyClan Firestar's Quest - Hawkwing's Journey Sharpclaw
41%
RiverClan (Unknown) - Crookedstar's Promise Shellheart
41%
ShadowClan (Unknown) - Shadowstar's Life Sun Shadow
41%
ShadowClan Darkest Night - The Raging Storm Tawnypelt
39%
RiverClan Fading Echoes - River Reedwhisker
36%
RiverClan Sky - Shadow Splashtail
34%
ThunderClan Veil of Shadows - Veil of Shadows Bristlefrost
32%
ShadowClan Yellowfang's Secret - Yellowfang's Secret Foxheart
32%
WindClan Moth Flight's Vision - (Unknown) Gorse Fur
32%
RiverClan Moonrise - Dawn Hawkfrost
32%
RiverClan Star - Owlnose
32%
ThunderClan Bluestar's Prophecy - Bluestar's Prophecy Tawnyspots
32%
ThunderClan (Unknown) - Pinestar's Choice Doefeather
27%
ShadowClan Shadowstar's Life - Shadowstar's Life Raven Pelt
27%
ShadowClan Fire and Ice - Rising Storm Cinderfur
25%
ShadowClan Yellowfang's Secret - Yellowfang's Secret Cloudpelt
23%
ShadowClan Bramblestar's Storm - Thunder and Shadow Crowfrost
16%
ShadowClan The Raging Storm - The Raging Storm Juniperclaw
16%
WindClan (Unknown) - Tallstar's Revenge Reedfeather
16%
ShadowClan (Unknown) - Yellowfang's Secret Stonetooth
16%
RiverClan Wind - Wind Harelight
11%
RiverClan Wind - Star Berryheart
9%
ThunderClan Pinestar's Choice - (Unknown) Mumblefoot
9%
RiverClan Crookedstar's Promise - (Unknown) Timberfur
9%
SkyClan Hawkwing's Journey - Hawkwing's Journey Waspwhisker
7%
No matching quizzes found
Score Distribution
Percent of People with Each Score
Percentile by Number Answered
Your Score History
You have not taken this quiz